000 00554nam a2200181Ia 4500
008 100920s9999 xx 000 0 und d
082 _b65795
_a24 थ 89
100 _aसिनकर श्रीकांत.
245 _aआय. पी. सी. 302.
260 _bमनोरमा प्रकाशन, मुंबई 14.
_c1989
300 _a197
_bसाधी
365 _b90
520 _aसायो.
630 _aआय. पी. सी. 302.
650 _aसायो.
730 _aआय. पी. सी. 302.
942 _cBOOK
999 _c708509
_d708506